000 00326nam a22001457a 4500
020 _a0-439-60622-5
082 _a823
_bBRO/S
100 _aBROWN JEFF
245 _aSTANLEY AND THE MAGIC LAMP
260 _aNEW YORK
_bSCHOLASTIC INC
_c1983
300 _a100
520 _aENGLISH STORY
650 _aENGLISH STORY
942 _cBK
999 _c5635
_d5635